Włoski słówka - Statystyki

Ogólne statystyki
  • Ten quiz został rozwiązany 34 razy
    25 od ostatniego zresetowania
  • Średni wynik to 13 z 38
Statystyki odpowiedzi
Polski Włoski % Poprawnych
Głowa Testa
90%
Włosy Capelli
80%
oko Occhio
80%
Język Lingua
60%
Ręka Mano
60%
Nos Naso
60%
Stół Tavolo
60%
Szafa Armadio
50%
Ząb Dente
50%
Ucho Orecchio
50%
Usta Bocca
40%
Kanapa Divano
40%
Lodówka Frigorifero
40%
Czoło Fronte
40%
Noga Gamba
40%
Drzwi Porta
40%
Krzesło Sedia
40%
Telewizor Televisione/televisore
40%
Ramię Braccio
30%
Komoda Comò
30%
Palec Dito
30%
Kolano Ginocchio
30%
Stopa Piede
30%
Plecy Schiena
30%
Paznokieć Unghia
30%
Szyja Collo
20%
Łokieć Gomito
20%
Brzuch Pancia
20%
Podłoga Pavimento
20%
Klatka piersiowa Petto
20%
Piekarnik Forno
10%
Mikrofalówka Microonde
10%
Ściana Parete
10%
Talerz Piatto
10%
Miska Ciotola
0%
Kuchenka Fornello
0%
Żyrandol Lampadario
0%
Sztućce Posate
0%
Nie znaleziono quizów pasujących do podanych kryteriów
Rozkład punktacji
Procent ludzi z każdym wynikiem
Percentyl według liczby udzielonych odpowiedzi
Twoja historia wyników
Nie rozwiązałeś tego quizu od ostatniego zresetowania